[Event "Riazan Region-ch 1League"]
[Site "Riazan"]
[Date "2009.05.??"]
[Round "?"]
[White "Tobolevich, Andrey"]
[Black "Morozov, Vladislav"]
[Result "1/2-1/2"]
[WhiteElo "2244"]
[BlackElo "2114"]
[PlyCount "21"]
[EventDate "2009.05.??"]
[EventType "swiss"]
[EventRounds "11"]
[EventCountry "RUS"]
[SourceTitle "EXT 2012"]
[Source "ChessBase"]
[SourceDate "2011.11.24"]
[SourceVersion "1"]
[SourceVersionDate "2011.11.24"]
[SourceQuality "1"]

1. Nf3 Nf6 2. g3 d5 3. d4 c5 4. Bg2 Nc6 5. 0-0 e6 6. b3 Be7 7. Ba3 b6 8. c4 Bb7 9. cxd5 exd5 10. Nc3 0-0 11. dxc5 1/2-1/2

[Event "Riazan Region-ch 1League"]
[Site "Riazan"]
[Date "2009.05.??"]
[Round "?"]
[White "Vasiliev, Vladimir P"]
[Black "Tobolevich, Andrey"]
[Result "1/2-1/2"]
[WhiteElo "2358"]
[BlackElo "2244"]
[PlyCount "21"]
[EventDate "2009.05.??"]
[EventType "swiss"]
[EventRounds "11"]
[EventCountry "RUS"]
[SourceTitle "EXT 2012"]
[Source "ChessBase"]
[SourceDate "2011.11.24"]
[SourceVersion "1"]
[SourceVersionDate "2011.11.24"]
[SourceQuality "1"]

1. e4 c5 2. Nc3 Nc6 3. g3 Nf6 4. Bg2 e6 5. Nge2 Be7 6. 0-0 0-0 7. d3 d6 8. h3 Bd7 9. Be3 a6 10. d4 cxd4 11. Nxd4 1/2-1/2